[Event "10th Zudov Mem 2014"]
[Site "Nizhny Tagil RUS"]
[Date "2014.09.12"]
[Round "2.8"]
[White "Kryakvin, Dmitry"]
[Black "Drygalov, Sergey"]
[Result "1/2-1/2"]
[WhiteTitle "GM"]
[WhiteElo "2562"]
[BlackElo "2224"]
[WhiteFideId "4153278"]
[BlackFideId "24171743"]
[EventDate "2014.09.11"]

1. d4 d5 2. c4 c6 3. Nf3 Nf6 4. Qb3 dxc4 5. Qxc4 Bg4 6. Nbd2 g6 7. g3 Bg7 8. Bg2
O-O 9. O-O Nbd7 10. e3 Qc7 11. h3 Bxf3 12. Nxf3 Rac8 13. Rb1 Ne4 14. Qc2 Nd6 15.
Rd1 c5 16. b3 cxd4 17. Qxc7 Rxc7 18. Nxd4 Nc5 19. Ba3 Nce4 20. Rbc1 Nc3 21. Rc2
Rfc8 22. Bxd6 exd6 23. Rd3 b5 24. Bb7 Rxb7 25. Rdxc3 Rxc3 26. Rxc3 Bxd4 27. exd4
Kf8 28. Kg2 Ke7 29. Kf3 Ke6 30. Ke4 f5+ 31. Kd3 Kd5 32. Rc8 Re7 33. Rb8 a6 34.
Rb6 Re4 35. Rxa6 Rxd4+ 36. Ke3 Re4+ 37. Kf3 g5 38. g4 fxg4+ 39. hxg4 Rf4+ 40.
Kg3 Rf7 41. a4 bxa4 42. bxa4 Ke5 43. Ra8 d5 44. a5 Kd4 45. Rg8 Kc4 46. Rxg5 d4
47. Rg8 Rd7 48. Rc8+ Kb3 49. a6 d3 50. Rb8+ Kc2 51. Rb7 Rd8 52. Rc7+ Kb2 53.
Rb7+ Kc2 1/2-1/2

[Event "10th Zudov Mem 2014"]
[Site "Nizhny Tagil RUS"]
[Date "2014.09.12"]
[Round "2.9"]
[White "Trefilov, Alexey"]
[Black "Yudin, Sergei"]
[Result "0-1"]
[WhiteTitle "FM"]
[BlackTitle "GM"]
[WhiteElo "2220"]
[BlackElo "2545"]
[WhiteFideId "4171721"]
[BlackFideId "4159659"]
[EventDate "2014.09.11"]

1. e4 d6 2. d4 Nf6 3. Nc3 e5 4. Nf3 Nbd7 5. Bc4 Be7 6. Bxf7+ Kxf7 7. Ng5+ Kg8 8.
Ne6 Qe8 9. Nxc7 Qg6 10. O-O Rb8 11. f4 h6 12. Qe2 exd4 13. Qc4+ Qf7 14. N3d5 Bd8
15. Nb5 Nxd5 16. Nxd6 N7b6 17. Qb3 Qd7 18. Nb5 Kh7 19. exd5 Qxd5 20. Rd1 Qxb3
21. axb3 Bf6 22. Rxa7 Bf5 23. Nxd4 Rhd8 24. c3 Bc2 25. Re1 Bxd4+ 26. cxd4 Rxd4
27. Be3 Re4 28. Kf2 Nd5 29. Bd2 Rxe1 30. Kxe1 Re8+ 31. Kf2 Bd3 32. Bc3 Ba6 33.
Be5 Nb4 0-1

[Event "10th Zudov Mem 2014"]
[Site "Nizhny Tagil RUS"]
[Date "2014.09.12"]
[Round "2.10"]
[White "Ovetchkin, Roman"]
[Black "Tsvetkov, Pavel"]
[Result "1-0"]
[WhiteTitle "GM"]
[WhiteElo "2524"]
[BlackElo "2181"]
[WhiteFideId "4119991"]
[BlackFideId "4132661"]
[EventDate "2014.09.11"]

1. Nf3 Nf6 2. c4 g6 3. Nc3 d5 4. Qa4+ Nc6 5. Nd4 Qd7 6. cxd5 Nxd5 7. Nxd5 Qxd5
8. Nxc6 bxc6 9. e4 Qd6 10. b3 Bg7 11. Ba3 Qf6 12. Rc1 Bd7 13. Ba6 O-O 14. O-O
Qf4 15. Rfe1 Be5 16. g3 Qf6 17. Bc5 Bd6 18. d4 Qf3 19. Re3 Qg4 20. Be2 Qh3 21.
e5 Bxc5 22. Rxc5 Qf5 23. Bf3 Rad8 24. Bxc6 Qb1+ 25. Kg2 Bf5 26. Qc4 Qxa2 27. Bf3
Qa1 28. d5 e6 29. Rxc7 exd5 30. Bxd5 Rxd5 31. Qxd5 Be6 32. Qd2 Rb8 33. b4 h5 34.
Rc6 Qa4 35. Rxe6 fxe6 36. Qd6 Qe8 37. Rd3 Rb7 38. Rd4 Kg7 39. Rc4 Kf7 40. Rc7+
Rxc7 41. Qxc7+ Kg8 42. Qxa7 Qc6+ 43. f3 Qb5 44. Qe3 Kh7 45. Qe4 Qa6 46. Kh3 Qf1+
47. Kh4 Qd1 48. Qf4 Qd8+ 49. Qf6 Qd2 50. Qf7+ Kh6 51. Qf8+ Kh7 52. h3 Qc3 53.
Qf4 Qb3 54. Qf7+ 1-0

[Event "10th Zudov Mem 2014"]
[Site "Nizhny Tagil RUS"]
[Date "2014.09.12"]
[Round "2.11"]
[White "Dilmukhametov, Artur"]
[Black "Matsenko, Sergei"]
[Result "0-1"]
[BlackTitle "IM"]
[WhiteElo "2157"]
[BlackElo "2485"]
[WhiteFideId "24179922"]
[BlackFideId "4170083"]
[EventDate "2014.09.11"]

1. e4 c5 2. c3 g6 3. d4 cxd4 4. cxd4 d5 5. e5 Bg7 6. Nc3 Nc6 7. Bb5 Nh6 8. h3
O-O 9. Nge2 f6 10. exf6 exf6 11. O-O Nf5 12. b3 Be6 13. Bxc6 bxc6 14. Na4 Re8
15. Ba3 Bh6 16. Re1 Bf7 17. Qd3 Qc7 18. Rad1 Re4 19. Nc5 Rae8 20. Bc1 Bxc1 21.
Rxc1 R4e7 22. Qd2 g5 23. Na4 Bh5 24. Nac3 Qb6 25. Na4 Qc7 26. Nac3 Qd6 27. Qd3
Nh4 28. Qg3 Qa3 29. Rc2 Qb4 30. Rd2 Bxe2 31. a3 Qa5 32. b4 Qa6 33. Rdxe2 Rxe2
34. Rxe2 Rxe2 35. Nxe2 Qxe2 36. Qb8+ Kg7 0-1

[Event "10th Zudov Mem 2014"]
[Site "Nizhny Tagil RUS"]
[Date "2014.09.12"]
[Round "2.12"]
[White "Smirnov, Alexey"]
[Black "Drygalov, Andrey"]
[Result "1-0"]
[WhiteElo "2466"]
[BlackElo "2147"]
[WhiteFideId "4168437"]
[BlackFideId "24171735"]
[EventDate "2014.09.11"]

1. d4 Nf6 2. c4 g6 3. Nc3 d5 4. Nf3 Bg7 5. Bf4 O-O 6. e3 c6 7. Rc1 Bg4 8. h3
Bxf3 9. Qxf3 Qa5 10. Bd3 dxc4 11. Bxc4 Nbd7 12. O-O e5 13. Bh2 Rad8 14. Bb3 exd4
15. exd4 Qb4 16. Rfe1 Rde8 17. g4 Rxe1+ 18. Rxe1 Nb6 19. g5 Nfd5 20. Re4 Nc4 21.
Re2 Ncb6 22. Ne4 Qb5 23. Nd6 Qb4 24. Re8 Qxd6 25. Bxd6 Rxe8 26. Bc5 Rd8 27. a4
Nc8 28. Bxd5 Rxd5 29. Qf4 b6 30. Ba3 Bxd4 31. Qc7 c5 32. Qxc8+ Kg7 33. Qg4 Rf5
34. Qg3 Be5 35. Qg2 Bd4 36. b3 Re5 37. Kf1 Bc3 38. Qf3 Re1+ 39. Kg2 Bd4 40. b4
Rb1 41. bxc5 bxc5 42. Bxc5 1-0

[Event "10th Zudov Mem 2014"]
[Site "Nizhny Tagil RUS"]
[Date "2014.09.12"]
[Round "2.14"]
[White "Romanov, Sergej"]
[Black "Yumshanov, Leonid"]
[Result "1/2-1/2"]
[WhiteElo "2125"]
[BlackElo "1787"]
[WhiteFideId "34196940"]
[BlackFideId "24140198"]
[EventDate "2014.09.11"]

1. Nf3 Nf6 2. c4 g6 3. Nc3 Bg7 4. e4 d6 5. d4 O-O 6. Be2 e5 7. Be3 exd4 8. Nxd4
Re8 9. f3 Nc6 10. Qd2 Nh5 11. O-O-O Nf4 12. Nxc6 Nxe2+ 13. Nxe2 bxc6 14. Bd4 Be6
15. Bxg7 Kxg7 16. Nd4 Qf6 17. Nxe6+ Qxe6 18. Qd4+ Kg8 19. Rd3 Rab8 20. Rhd1 c5
21. Qd5 Rb4 22. Qxe6 Rxe6 23. b3 a5 24. Rd5 a4 25. Kc2 f6 26. g4 Rb8 27. h4 Kg7
28. R1d3 Rb7 29. Rd1 Re5 30. Rxe5 fxe5 31. Kc3 Kf6 32. Rd2 h6 33. Rh2 Ke6 34.
Rb2 Kd7 35. Rd2 Ke6 36. Rb2 Kd7 37. Rd2 Ke6 38. Rb2 1/2-1/2

[Event "10th Zudov Mem 2014"]
[Site "Nizhny Tagil RUS"]
[Date "2014.09.12"]
[Round "2.15"]
[White "Povodyr, Alexander"]
[Black "Komarov, Alexander"]
[Result "1/2-1/2"]
[WhiteElo "1811"]
[BlackElo "2106"]
[WhiteFideId "4195361"]
[BlackFideId "4178360"]
[EventDate "2014.09.11"]

1. d4 d5 2. Nf3 Nf6 3. e3 e6 4. Bd3 Nbd7 5. O-O c5 6. c4 dxc4 7. Bxc4 Be7 8. Nc3
O-O 9. d5 Nb6 10. Bd3 exd5 11. a4 Bg4 12. h3 Bh5 13. g4 Bg6 14. Bxg6 hxg6 15. a5
Nc8 16. b3 Qd6 17. Ba3 Rd8 18. Ne2 Ne4 19. Ne1 Qf6 20. Rc1 Qh4 21. Kg2 d4 22.
Nf3 Qf6 23. exd4 cxd4 24. Bxe7 Nxe7 25. Nexd4 Nc6 26. Rc4 Nxa5 27. Ra4 Nc6 28.
Qd3 Nxd4 29. Rxd4 Rxd4 30. Qxd4 Qxd4 31. Nxd4 Rd8 32. Rd1 Nc3 33. Rc1 Rxd4 34.
Rxc3 Rd7 35. f4 Kf8 36. Kf3 Ke7 37. Ke4 Kd8 38. h4 Ke7 39. Rc8 Kd6 40. f5 gxf5+ 1/2-1/2

[Event "10th Zudov Mem 2014"]
[Site "Nizhny Tagil RUS"]
[Date "2014.09.12"]
[Round "2.16"]
[White "Kopjonkin, Kirill"]
[Black "Farbshtain, Danil"]
[Result "1-0"]
[WhiteElo "2073"]
[BlackElo "1659"]
[WhiteFideId "24140090"]
[BlackFideId "24140074"]
[EventDate "2014.09.11"]

1. e4 c6 2. d4 d5 3. e5 Bf5 4. Nc3 e6 5. g4 Bg6 6. Nge2 Bb4 7. Bg2 Nd7 8. O-O c5
9. f4 Rc8 10. f5 exf5 11. gxf5 Bh5 12. Nxd5 Ne7 13. Bg5 f6 14. exf6 gxf6 15.
Bxf6 Nxf6 16. Nxf6+ Kf7 17. Nxh5 cxd4 18. Nxd4 Bc5 19. c3 Rg8 20. Nf4 Rc6 21.
Qh5+ Kf8 22. Ne6+ Rxe6 23. fxe6+ Kg7 24. Rf7+ 1-0

[Event "10th Zudov Mem 2014"]
[Site "Nizhny Tagil RUS"]
[Date "2014.09.12"]
[Round "2.17"]
[White "Kolyadin, Alexander"]
[Black "Ginosyan, Razmik"]
[Result "0-1"]
[WhiteElo "1706"]
[BlackElo "2048"]
[WhiteFideId "24145327"]
[BlackFideId "24190144"]
[EventDate "2014.09.11"]

1. d4 d5 2. c4 c6 3. Nc3 Nf6 4. Bg5 Ne4 5. Nxe4 dxe4 6. Bf4 Bf5 7. Qb3 Qc8 8. e3
Nd7 9. Ne2 e5 10. Bxe5 Nxe5 11. dxe5 Qc7 12. O-O-O Bc5 13. Nd4 Bg4 14. Be2 Bxe2
15. Nxe2 O-O 16. Nc3 Qxe5 17. Qc2 Rfe8 18. Rd7 Rab8 19. Rhd1 b5 20. cxb5 cxb5
21. R7d5 Qe7 22. Nxe4 Bb4 23. Nc3 Bxc3 24. bxc3 Rec8 25. Qb3 Qf6 26. R5d3 b4 27.
c4 Qxf2 28. R3d2 Qh4 29. Kb1 Qxh2 30. c5 Qe5 31. Rd5 Qe4+ 32. Qd3 Qe7 33. Rd7
Qxc5 34. Rh1 h6 35. Rf1 b3 36. Rfxf7 Qc1# 0-1

[Event "10th Zudov Mem 2014"]
[Site "Nizhny Tagil RUS"]
[Date "2014.09.12"]
[Round "2.18"]
[White "Lupynin, Viacheslav"]
[Black "Shishkin, Mikhail"]
[Result "1-0"]
[WhiteElo "2031"]
[BlackElo "1448"]
[WhiteFideId "24193461"]
[BlackFideId "2805656"]
[EventDate "2014.09.11"]

1. e4 e5 2. Nf3 Nc6 3. d4 exd4 4. Nxd4 Nxd4 5. Qxd4 d6 6. Nc3 Bd7 7. Bc4 c5 8.
Qd5 Be6 9. Bb5+ Bd7 10. Qxb7 Bxb5 11. Nxb5 Rb8 12. Qc6+ Ke7 13. Nc3 Rb6 14. Nd5+
Ke6 15. Nxb6 axb6 16. Qd5+ Kd7 17. Qxf7+ Ne7 18. Bg5 g6 19. O-O h6 20. Bf4 g5
21. Bxd6 Kc6 22. Rad1 Qxd6 23. Rxd6+ Kxd6 24. Qf6+ 1-0

[Event "10th Zudov Mem 2014"]
[Site "Nizhny Tagil RUS"]
[Date "2014.09.12"]
[Round "2.19"]
[White "Makhnev, Petr"]
[Black "Dashevskaya, Larisa"]
[Result "1-0"]
[WhiteElo "1519"]
[BlackElo "2030"]
[WhiteFideId "24193470"]
[BlackFideId "4178106"]
[EventDate "2014.09.11"]

1. d4 e6 2. Nf3 f5 3. g3 Nf6 4. Bg2 Be7 5. O-O O-O 6. c4 c6 7. Nc3 d5 8. a3 Nbd7
9. b4 a6 10. c5 Ne4 11. Qc2 Bf6 12. Rd1 Qe8 13. Bb2 e5 14. Na4 exd4 15. Nxd4 Bg5
16. h4 Bd8 17. e3 Ne5 18. Rf1 Nc4 19. Nc3 Nxb2 20. Nxe4 fxe4 21. Qxb2 Bg4 22. a4
Bf6 23. Qb3 Kh8 24. b5 Bxd4 25. exd4 Be2 26. bxc6 bxc6 27. Rfe1 Bc4 28. Qe3 Rb8
29. Rab1 Qf7 30. Rb6 Bd3 31. Bf1 Bxf1 32. Rxf1 Qf6 33. Rfb1 Ra8 34. a5 h6 35.
Rd1 Qg6 36. Kg2 Rf3 37. Qe1 Raf8 38. Rb2 e3 39. fxe3 Qe4 40. Kh2 Rxe3 41. Qg1
Re2+ 42. Rxe2 Qxe2+ 43. Kh3 Rf2 44. Re1 Qc2 45. Re5 Rd2 46. Qe3 Rh2+ 47. Kg4
Qd1+ 48. Kf5 Qh5+ 49. Ke6 Qg6+ 50. Kd7 Rb2 51. Re6 Qf7+ 52. Kxc6 Qb7+ 53. Kd6
Rb3 54. Qf4 Qa8 55. Qf7 Rb8 56. Ke5 Rf8 57. Qc7 Rc8 58. Qb6 Rd8 59. c6 Rb8 60.
Qc7 Rb2 61. Kd6 Qf8+ 62. Kd7 Qf5 63. Qe5 Qf7+ 64. Re7 Qg6 65. h5 Qg4+ 66. Qe6
Qxh5 67. Re8+ Kh7 68. Qg8+ Kg6 69. Re6+ Kf5 70. Re5+ Kg6 71. Rxh5 Kxh5 72. c7
Rg2 73. Qxd5+ 1-0

[Event "10th Zudov Mem 2014"]
[Site "Nizhny Tagil RUS"]
[Date "2014.09.13"]
[Round "3.1"]
[White "Matsenko, Sergei"]
[Black "Goganov, Aleksey"]
[Result "1/2-1/2"]
[WhiteTitle "IM"]
[BlackTitle "GM"]
[WhiteElo "2485"]
[BlackElo "2608"]
[WhiteFideId "4170083"]
[BlackFideId "24109959"]
[EventDate "2014.09.11"]

1. Nf3 Nf6 2. c4 e6 3. Nc3 d5 4. d4 c6 5. cxd5 exd5 6. Bg5 Be7 7. Qc2 g6 8. e4
dxe4 9. Bxf6 Bxf6 10. Qxe4+ Qe7 11. Bc4 Bf5 12. Qxe7+ Kxe7 13. O-O-O Rd8 14. h3
b5 15. Bb3 b4 16. Rhe1+ Kf8 17. Ne4 Bxe4 18. Rxe4 Nd7 19. Ne5 Nxe5 20. dxe5 Be7
21. Rxd8+ Rxd8 22. Kc2 Kg7 23. Rf4 Rf8 24. Rd4 Rd8 25. Rf4 Rf8 26. Rd4 Rd8 27.
Rxd8 Bxd8 28. Kd3 f6 29. e6 Kf8 30. Kc4 Bb6 31. f4 a5 32. g4 Ke7 33. f5 gxf5 34.
gxf5 Kd6 35. Kd3 Ba7 36. Ke4 Bb6 37. Bd1 Ba7 38. Bh5 Ke7 39. Kd3 Bb6 40. Kc4 Be3
41. Kd3 1/2-1/2

[Event "10th Zudov Mem 2014"]
[Site "Nizhny Tagil RUS"]
[Date "2014.09.13"]
[Round "3.2"]
[White "Smirnov, Alexey"]
[Black "Maletin, Pavel"]
[Result "0-1"]
[BlackTitle "GM"]
[WhiteElo "2466"]
[BlackElo "2570"]
[WhiteFideId "4168437"]
[BlackFideId "4146786"]
[EventDate "2014.09.11"]

1. d4 d5 2. c4 c6 3. Nf3 Nf6 4. Nc3 e6 5. g3 Nbd7 6. Qd3 b6 7. Bg2 Ba6 8. b3 Bb4
9. O-O O-O 10. Bb2 Rc8 11. Rfd1 Qe7 12. a3 Bd6 13. a4 Bb4 14. Na2 Bd6 15. Nc3
Bb4 16. Na2 Ba3 17. Bxa3 Qxa3 18. Qc3 c5 19. dxc5 Qxc5 20. Nb4 Qa5 21. Nd4 Nb8
22. Nb5 Bxb5 23. axb5 Qxb5 24. Rxa7 dxc4 25. Rc1 Nd5 26. Nxd5 exd5 27. e4 Nc6
28. bxc4 dxc4 29. Ra2 Ne5 30. Rb2 Qc5 31. Rcb1 Nd3 0-1

[Event "10th Zudov Mem 2014"]
[Site "Nizhny Tagil RUS"]
[Date "2014.09.13"]
[Round "3.3"]
[White "Yudin, Sergei"]
[Black "Ivanov, Andrew"]
[Result "1/2-1/2"]
[WhiteTitle "GM"]
[BlackTitle "IM"]
[WhiteElo "2545"]
[BlackElo "2407"]
[WhiteFideId "4159659"]
[BlackFideId "4188080"]
[EventDate "2014.09.11"]

1. e4 e5 2. Nf3 Nc6 3. Bc4 Bc5 4. d3 Nf6 5. Nbd2 d6 6. c3 O-O 7. h3 a6 8. Bb3
Be6 9. Nc4 h6 10. O-O Ba7 11. Re1 Re8 12. a4 b5 13. Ne3 b4 14. a5 bxc3 15. bxc3
Rb8 16. Ba4 Bd7 17. Nh2 Ne7 18. Nhg4 Nxg4 19. hxg4 Bxe3 20. Bxe3 Ng6 21. Bc2 Qh4
22. f3 Rb2 23. Qd2 Reb8 24. Reb1 Qg3 25. Bf2 Qf4 26. Be3 Qg3 27. Bf2 Qf4 28. Be3
Qf6 29. Rxb2 Rxb2 30. Qc1 Rb8 31. g5 hxg5 32. Bxg5 Qe6 33. Rb1 Qe8 34. Bb3 Rb5
35. c4 Rb7 36. c5 Rb5 37. cxd6 cxd6 38. Bc4 Rxa5 39. Be3 Bb5 40. Qc3 Qd8 41. Bd2
Ra4 42. Qb3 Qb6+ 43. Kh2 Qa7 44. Rc1 Qe7 45. g3 Nf8 46. Kg2 Ne6 47. Bxe6 Qxe6
48. Qxe6 fxe6 49. Bg5 Ra2+ 50. Kh3 Bxd3 51. Rc6 Be2 52. Rxd6 Kf7 53. f4 Bf3 54.
fxe5 Ra1 55. g4 Bxe4 56. Rd7+ Kg6 57. Be7 Rf1 58. Rd6 Kf7 59. Bd8 Ra1 60. Bb6
Bd5 61. Rd7+ Kg6 62. Bc5 Rh1+ 63. Kg3 Rf1 64. Ra7 Rf3+ 65. Kh4 Bc4 66. Re7 Rb3
67. Bd6 Bd5 68. Rc7 Rf3 69. Ra7 Bc4 70. Re7 Rf1 71. Rc7 Rh1+ 72. Kg3 Rg1+ 73.
Kf4 Bb3 74. Ra7 Ra1 75. Kg3 Rg1+ 76. Kf2 Rxg4 77. Rxa6 Bd5 78. Ra7 Rg2+ 79. Ke3
Rg4 80. Bf8 Kh7 81. Rc7 Kg8 82. Bd6 Re4+ 83. Kf2 Rg4 84. Ke3 Rg2 85. Be7 Rg1 86.
Bd6 Rf1 87. Rc8+ Kh7 88. Rf8 Re1+ 89. Kf2 Rb1 90. Kg3 Kh6 91. Rg8 Rf1 92. Rf8
Rg1+ 93. Kh2 Rg2+ 94. Kh3 Rb2 95. Kg4 Kg6 96. Kh4 Rc2 97. Kg4 Rc4+ 98. Kg3 Rd4
99. Rf4 Rd3+ 100. Kg4 Bg2 101. Rf8 Bh3+ 102. Kf4 Bf5 103. Rb8 Rd4+ 104. Kf3 Rc4
105. Kg3 Ra4 106. Kf3 Be4+ 107. Kg3 Bd5 108. Rg8 Kh6 109. Bf8 Ra7 110. Bc5 Rb7
111. Kg4 Rc7 112. Bd6 Rc4+ 113. Kg3 g5 114. Be7 Rc3+ 115. Kf2 Rf3+ 116. Ke2 Rf5
117. Bf6 Kh5 118. Rg7 Kg4 119. Ke3 Kh4 120. Rxg5 1/2-1/2

[Event "10th Zudov Mem 2014"]
[Site "Nizhny Tagil RUS"]
[Date "2014.09.13"]
[Round "3.4"]
[White "Yuffa, Daniil"]
[Black "Ovetchkin, Roman"]
[Result "1/2-1/2"]
[WhiteTitle "IM"]
[BlackTitle "GM"]
[WhiteElo "2449"]
[BlackElo "2524"]
[WhiteFideId "24131423"]
[BlackFideId "4119991"]
[EventDate "2014.09.11"]

1. d4 Nf6 2. c4 e6 3. g3 c5 4. d5 exd5 5. cxd5 d6 6. Nc3 g6 7. Bg2 Bg7 8. Nf3
O-O 9. O-O Re8 10. a4 Ne4 11. Nxe4 Rxe4 12. Nd2 Rb4 13. Ra2 a5 14. b3 b5 15.
axb5 Bd7 16. Ne4 Bf5 17. Ra4 Bxe4 18. Bxe4 Rxb5 19. Bd3 Rb7 20. Bd2 Nd7 21. Bc4
Nb6 22. Rxa5 Nxc4 23. Rxa8 Qxa8 24. bxc4 Qa2 25. Qc1 Rb2 26. Bf4 Bf8 27. Qc3
Rxe2 28. Ra1 Qc2 29. Qxc2 Rxc2 30. Ra6 Rxc4 31. Bxd6 Bxd6 32. Rxd6 Rd4 33. Rd8+
Kg7 34. d6 Kf6 35. Rc8 Rxd6 36. Rxc5 h5 37. h4 Rd3 38. Kg2 Ke6 39. Ra5 Rb3 40.
Rc5 Ra3 1/2-1/2

[Event "10th Zudov Mem 2014"]
[Site "Nizhny Tagil RUS"]
[Date "2014.09.13"]
[Round "3.5"]
[White "Andriasian, Zaven"]
[Black "Khegay, Dmitriy"]
[Result "0-1"]
[WhiteTitle "GM"]
[BlackTitle "FM"]
[WhiteElo "2622"]
[BlackElo "2375"]
[WhiteFideId "13302000"]
[BlackFideId "24153729"]
[EventDate "2014.09.11"]

1. e4 d6 2. d4 Nf6 3. Nc3 e5 4. Nf3 Nbd7 5. Bc4 Be7 6. O-O O-O 7. Qe2 c6 8. a4
exd4 9. Nxd4 Re8 10. Ba2 Bf8 11. Bg5 h6 12. Bh4 d5 13. f3 Bc5 14. Rad1 Qb6 15.
Qd2 Qxb2 16. Rb1 Qa3 17. Kh1 Bxd4 18. Qxd4 c5 19. Qd3 Ne5 20. Qd2 d4 21. Nd5
Nxd5 22. Bxd5 Be6 23. Bxe6 Rxe6 24. Rxb7 Qxa4 25. Bg3 Nc4 26. Qf4 Nd6 27. Rb2
Rae8 28. h3 Rf6 29. Qc1 Nc4 30. Rb1 Rb6 31. Ra1 Qd7 32. Bf2 Rb2 33. Qd1 a5 34.
Qd3 Ne5 35. Qd1 Nc4 36. Qd3 Qb5 37. f4 a4 38. e5 a3 39. f5 Nxe5 40. Qxa3 Rxc2
41. f6 Rc3 42. Qa7 Qc6 43. Kg1 Rxh3 44. Rfe1 Rh5 45. Ra6 Qd5 46. Qe7 Nf3+ 47.
gxf3 Qg5+ 0-1

[Event "10th Zudov Mem 2014"]
[Site "Nizhny Tagil RUS"]
[Date "2014.09.13"]
[Round "3.6"]
[White "Drygalov, Sergey"]
[Black "Demchenko, Anton"]
[Result "0-1"]
[BlackTitle "GM"]
[WhiteElo "2224"]
[BlackElo "2588"]
[WhiteFideId "24171743"]
[BlackFideId "4160258"]
[EventDate "2014.09.11"]

1. e4 c5 2. Nf3 e6 3. d4 cxd4 4. Nxd4 a6 5. Nc3 b5 6. Bd3 Qb6 7. Nb3 Qc7 8. O-O
Nf6 9. Qe2 d6 10. f4 Nc6 11. Bd2 b4 12. Nd1 Be7 13. c3 O-O 14. cxb4 Nxb4 15.
Bxb4 Qb6+ 16. Bc5 dxc5 17. Bc4 a5 18. Nc3 a4 19. Nc1 Ba6 20. Nxa4 Bxc4 21. Nxb6
Bxe2 22. Nxe2 Ra6 23. Nc4 Nxe4 24. g4 Rd8 25. Rfd1 Rxd1+ 26. Rxd1 Rxa2 27. Kg2
Ra4 28. b3 Ra7 29. Kf3 Nf6 30. Nc3 h6 31. h4 Nd7 32. g5 hxg5 33. hxg5 Nb8 34.
Ne5 Rb7 35. Rb1 Bd6 36. Nc4 Bf8 37. Ne5 f6 38. gxf6 gxf6 39. Nd3 Kf7 40. Ke3 Nc6
41. Ne4 c4 42. Rc1 cxd3 43. Rxc6 Rxb3 44. Nd2 Ra3 45. Nc4 d2+ 46. Kxd2 Rf3 47.
Rc7+ Kg6 48. Rc6 Rxf4 49. Ne3 Bh6 50. Kd3 Rf3 51. Rxe6 Rxe3+ 52. Rxe3 Bxe3 53.
Kxe3 Kg5 54. Kd4 0-1

[Event "10th Zudov Mem 2014"]
[Site "Nizhny Tagil RUS"]
[Date "2014.09.13"]
[Round "3.7"]
[White "Bocharov, Dmitry"]
[Black "Novoselov, Roman"]
[Result "1-0"]
[WhiteTitle "GM"]
[WhiteElo "2575"]
[BlackElo "2225"]
[WhiteFideId "4138716"]
[BlackFideId "4135067"]
[EventDate "2014.09.11"]

1. d4 d5 2. c4 e6 3. Nc3 Nf6 4. Bg5 Be7 5. cxd5 exd5 6. e3 c6 7. Bd3 Ne4 8. Bxe7
Qxe7 9. Qc2 Nd6 10. Nf3 Bg4 11. Ne5 Bh5 12. Bxh7 g6 13. g4 Bxg4 14. Bxg6 Bh3 15.
Bd3 Nd7 16. Nxd7 Kxd7 17. O-O-O Rag8 18. e4 Bg2 19. Rhe1 Qg5+ 20. Kb1 Bf3 21.
exd5 Bxd1 22. dxc6+ bxc6 23. Rxd1 Qa5 24. Na4 Rg5 25. Rc1 Rc8 26. Nc5+ Ke7 27.
Qe2+ Kd8 28. Qe3 Rd5 29. Be4 Rh5 30. Bf3 Rh3 31. Qe5 Qc7 32. Bg4 Rh6 33. Qg5+ 1-0

[Event "10th Zudov Mem 2014"]
[Site "Nizhny Tagil RUS"]
[Date "2014.09.13"]
[Round "3.8"]
[White "Shomoev, Anton"]
[Black "Harutjunyan, Gevorg"]
[Result "0-1"]
[WhiteTitle "GM"]
[BlackTitle "GM"]
[WhiteElo "2568"]
[BlackElo "2444"]
[WhiteFideId "4135148"]
[BlackFideId "13300873"]
[EventDate "2014.09.11"]

1. e4 c6 2. Ne2 g6 3. d4 Bg7 4. h4 h5 5. Nbc3 d6 6. Bg5 Nd7 7. Qd2 Ngf6 8. O-O-O
Qa5 9. Ng3 b5 10. a3 Rb8 11. Kb1 Qc7 12. Na2 c5 13. dxc5 Qxc5 14. Be3 Qc7 15.
Be2 O-O 16. Bh6 Qc5 17. Bxg7 Kxg7 18. Bxh5 Nxh5 19. Nf5+ Kg8 20. Qg5 Ndf6 21. g4
Nxe4 22. Nh6+ Kg7 23. Qxe7 Be6 24. Nxf7 Rbe8 0-1

[Event "10th Zudov Mem 2014"]
[Site "Nizhny Tagil RUS"]
[Date "2014.09.13"]
[Round "3.9"]
[White "Kanter, Eduard"]
[Black "Kryakvin, Dmitry"]
[Result "1/2-1/2"]
[WhiteTitle "IM"]
[BlackTitle "GM"]
[WhiteElo "2401"]
[BlackElo "2562"]
[WhiteFideId "4103963"]
[BlackFideId "4153278"]
[EventDate "2014.09.11"]

1. d4 Nf6 2. c4 g6 3. Nc3 d5 4. cxd5 Nxd5 5. e4 Nxc3 6. bxc3 Bg7 7. Nf3 c5 8.
Be3 Qa5 9. Nd2 Nc6 10. Nb3 Qxc3+ 11. Bd2 Qb2 12. Bc1 Qc3+ 13. Bd2 Qb2 14. Bc1
Qc3+ 15. Bd2 1/2-1/2

[Event "10th Zudov Mem 2014"]
[Site "Nizhny Tagil RUS"]
[Date "2014.09.13"]
[Round "3.10"]
[White "Savchenko, Boris"]
[Black "Lupynin, Viacheslav"]
[Result "1-0"]
[WhiteTitle "GM"]
[WhiteElo "2608"]
[BlackElo "2031"]
[WhiteFideId "4147332"]
[BlackFideId "24193461"]
[EventDate "2014.09.11"]

1. e4 e6 2. d4 d5 3. Nc3 Nf6 4. e5 Nfd7 5. f4 c5 6. Nf3 Nc6 7. Be3 cxd4 8. Nxd4
Bc5 9. Qd2 O-O 10. O-O-O a6 11. h4 Nxd4 12. Bxd4 b5 13. Ne2 Bb7 14. Qe3 Rc8 15.
Bxc5 Nxc5 16. Nd4 Ne4 17. Rh2 Qb6 18. g4 b4 19. Bd3 Nc3 20. bxc3 bxc3 21. Re1
Qb2+ 22. Kd1 Qxa2 23. f5 Rc4 24. f6 1-0

[Event "10th Zudov Mem 2014"]
[Site "Nizhny Tagil RUS"]
[Date "2014.09.13"]
[Round "3.11"]
[White "Vokarev, Sergey"]
[Black "Radzhabov, Rodion"]
[Result "1-0"]
[WhiteTitle "GM"]
[WhiteElo "2437"]
[BlackElo "1994"]
[WhiteFideId "4119711"]
[BlackFideId "884715"]
[EventDate "2014.09.11"]

1. e4 c5 2. Nf3 Nc6 3. Bb5 e6 4. O-O Nge7 5. Re1 a6 6. Bf1 Ng6 7. c3 Be7 8. d4
cxd4 9. cxd4 d5 10. e5 O-O 11. Nc3 b5 12. Be3 Bd7 13. a4 b4 14. Na2 a5 15. Nc1
Rc8 16. Nb3 Qb6 17. Bd3 Nd8 18. h4 Re8 19. h5 Nf8 20. h6 g6 21. Bg5 Bc6 22. Qd2
Nd7 23. Bxe7 Rxe7 24. Qg5 Re8 25. Nc5 Nxc5 26. Qf6 1-0

[Event "10th Zudov Mem 2014"]
[Site "Nizhny Tagil RUS"]
[Date "2014.09.13"]
[Round "3.12"]
[White "Solovjev, Nikolay2"]
[Black "Mukhina, Jana"]
[Result "1-0"]
[WhiteTitle "FM"]
[WhiteElo "2311"]
[BlackElo "1972"]
[WhiteFideId "24112127"]
[BlackFideId "34115428"]
[EventDate "2014.09.11"]

1. d4 d5 2. c4 c6 3. cxd5 cxd5 4. Nc3 Nf6 5. Bf4 Nc6 6. e3 a6 7. Bd3 Bg4 8. Nge2
e6 9. O-O Bxe2 10. Qxe2 Bd6 11. Bg5 Be7 12. Rac1 Ne4 13. Bxe7 Nxc3 14. Qg4 Nxe7
15. Rxc3 O-O 16. Rfc1 Rc8 17. h4 Qd7 18. h5 h6 19. Rc5 b6 20. R5c3 Rxc3 21. Rxc3
Rc8 22. Bxa6 Rxc3 23. bxc3 Qa4 24. Qe2 Qa3 25. Qb5 Nf5 26. Qe8+ Kh7 27. Bf1 Qe7
28. Qxe7 Nxe7 29. Bd3+ Kg8 30. e4 Kf8 31. f3 f5 32. e5 g5 33. Kf2 Ke8 34. Ke2
Kd7 35. Kd2 Kc6 36. Kc2 b5 37. Kb3 Kb6 38. g4 fxg4 39. fxg4 Nc6 40. Bg6 Kc7 41.
Be8 Na5+ 42. Kb4 Kb6 43. Bxb5 Nb7 44. a4 Na5 45. Bd7 1-0